Sports Quiz

Random Sports or Role Quiz

England women's cricket team Quiz Stats

 Plays Quiz not verified by Sporcle

Challenge
Share
Tweet
Embed
Score 0/15 Timer 05:00
0 Plays Today
Role Name % Correct
Captain, Opening BatCharlotte Edwards
95.9%
Top Order Bat, WicketkeeperSarah Taylor
90.8%
Fast BowlerKatherine Brunt
81.6%
Middle Order Bat, Medium Fast BowlerJenny Gunn
74.5%
Fast Medium BowlerAnya Shrubsole
67.3%
Top Order BatLydia Greenway
63.3%
Middle Order Bat, Off Spin BowlerDanni Wyatt
63.3%
Off Spin BowlerDanni Hazell
60.2%
Role Name % Correct
Middle Order BatHeather Knight
60.2%
Opening Bat, WicketkeeperTammy Beaumont
55.1%
Middle Order Bat, Off Spin BowlerLaura Marsh
55.1%
Left Arm Spin BowlerHolly Colvin
54.1%
Middle Order Bat, Occasional BowlerArran Brindle
38.8%
Fast BowlerGeorgia Elwiss
32.7%
Top Order BatSusie Rowe
19.4%

You're not logged in!

Compare scores with friends on all Sporcle quizzes.
OR
Log In

You Might Also Like...

Show Comments

Extras

Top Quizzes Today


Score Distribution

Your Account Isn't Verified!

In order to create a playlist on Sporcle, you need to verify the email address you used during registration. Go to your Sporcle Settings to finish the process.

Report this User

Report this user for behavior that violates our Community Guidelines.

Details: